000 00911nam a2200217Ia 4500
999 _c39620
_d39620
001 6220
003 GE_BSU
005 20190628181410.0
008 181216s1977|||| |||||||||||||| ||geo||
041 _ageo
080 _a621.81(075.8) ე-39
100 _aეზიკაშვილი, ო.
_9482
245 _aმანქანათა ნაწილები.პირველი ნაწილი : სახელმძღვ. /
_cო. ეზიკაშვილი ; რედ : ჩ. გურგენიძე.
264 _aთბილისი :
_bგანათლება,
_c1977.
300 _a332 გვ .:
_c22 სმ .
504 _aბიბლიოგრ.:გვ.327
653 _aმანქანათა ნაწილები
653 _aტექნიკა
700 _aგურგენიძე, ჩ
_eრედაქტორი
_93083
942 _cBK
_2udc